[Event "23rd EUR-ch"]
[Site "Vrnjacka Banja SRB"]
[Date "2023.03.03"]
[Round "1.82"]
[White "Lobanov, Sergei"]
[Black "Farkas, Tibor"]
[Result "1/2-1/2"]
[WhiteElo "2545"]
[BlackElo "2247"]
[EventDate "2023.03.03"]
[PlyCount "109"]

1.d4 Nf6 2.c4 g6 3.Nc3 Bg7 4.e4 d6 5.h3 O-O 6.Be3 c5 7.Nf3 cxd4 8.Nxd4 Nc6
9.Be2 Nxd4 10.Bxd4 Bd7 11.O-O Bc6 12.Qd3 a5 13.b3 Nd7 14.Bxg7 Kxg7 15.Rfd1
Nc5 16.Qd4+ e5 17.Qxd6 Qxd6 18.Rxd6 Nxe4 19.Nxe4 Bxe4 20.Bf3 Bxf3 21.gxf3 
Rfd8 22.Rad1 Rxd6 23.Rxd6 a4 24.b4 a3 25.c5 Re8 26.Rd3 Ra8 27.Rd6 Re8 28.
Kf1 e4 29.f4 e3 30.f3 e2+ 31.Ke1 Re3 32.Rd7 Rb3 33.Rxb7 Rb2 34.c6 Rxa2 35.
Ra7 Rc2 36.Rxa3 Rxc6 37.Rb3 Kf6 38.Kxe2 Kf5 39.b5 Re6+ 40.Kd3 Kxf4 41.b6 
Re8 42.Kd4 Kg3 43.b7 Rb8 44.Ke5 Kxh3 45.Kd6 Kg3 46.Kc7 Rxb7+ 47.Rxb7 Kxf3 
48.Kd6 h5 49.Ke5 h4 50.Rxf7+ Kg3 51.Ra7 h3 52.Ra3+ Kg4 53.Ra4+ Kg3 54.Ra3+
Kg4 55.Ra4+ 1/2-1/2

[Event "23rd EUR-ch"]
[Site "Vrnjacka Banja SRB"]
[Date "2023.03.03"]
[Round "1.83"]
[White "Ravic, Nenad"]
[Black "Stremavicius, Titas"]
[Result "0-1"]
[WhiteElo "2238"]
[BlackElo "2544"]
[EventDate "2023.03.03"]
[PlyCount "96"]

1.e4 c5 2.Nf3 Nc6 3.d4 cxd4 4.Nxd4 e5 5.Nb5 d6 6.c4 Be6 7.N1c3 a6 8.Na3 g6
9.Nc2 Nf6 10.Bd3 Bg7 11.O-O O-O 12.Nd5 Nd7 13.b4 f5 14.Ba3 Nf6 15.Nxf6+ 
Qxf6 16.b5 axb5 17.cxb5 Na5 18.Ne3 f4 19.Nc2 Nc4 20.Bc1 d5 21.exd5 Bxd5 
22.Nb4 Bf7 23.Rb1 Rfd8 24.Qe2 Rac8 25.Be4 Qe7 26.a4 Rd4 27.Rd1 Rxd1+ 28.
Qxd1 Rd8 29.Qf3 Qd7 30.h3 Nd6 31.Bd5 Qf5 32.Bxf7+ Nxf7 33.Qb3 e4 34.Bb2 e3
35.Bxg7 exf2+ 36.Kxf2 Rd2+ 37.Ke1 Rxg2 38.Rb2 Qe4+ 39.Kf1 Rg5 40.Rf2 Kxg7 
41.Nd3 Rd5 42.Nxf4 Qh1+ 43.Ke2 Re5+ 44.Kd3 Qe4+ 45.Kc3 Qe1+ 46.Rd2 Qc1+ 
47.Kd3 Qf1+ 48.Ne2 Re3+ 0-1

[Event "23rd EUR-ch"]
[Site "Vrnjacka Banja SRB"]
[Date "2023.03.03"]
[Round "1.84"]
[White "Muradli, Mahammad"]
[Black "Blagojevic, Tijana"]
[Result "1/2-1/2"]
[WhiteElo "2539"]
[BlackElo "2238"]
[EventDate "2023.03.03"]
[PlyCount "78"]

1.d4 Nf6 2.c4 e6 3.Nf3 d5 4.Nc3 c6 5.Bg5 Nbd7 6.cxd5 exd5 7.e3 h6 8.Bh4 g5
9.Bg3 Nh5 10.Bd3 Nxg3 11.hxg3 Bg7 12.O-O O-O 13.Qc2 Nb6 14.Ne5 Be6 15.f4 
Re8 16.Bh7+ Kh8 17.f5 f6 18.fxe6 fxe5 19.Qg6 Re7 20.dxe5 Nc4 21.Rae1 Nxe5 
22.Qc2 Rxe6 23.Bf5 Re7 24.b3 Qd6 25.Ne2 Rae8 26.Qd2 Nf7 27.Bb1 Qe5 28.Qc2 
Qxe3+ 29.Kh2 Qe4 30.Qc5 Qg4 31.Bg6 b6 32.Qc1 Rxe2 33.Rxe2 Rxe2 34.Qxc6 Nd8
35.Qd6 Qh4+ 36.gxh4 Be5+ 37.Qxe5+ Rxe5 38.h5 Kg7 39.Kg3 d4 1/2-1/2

[Event "23rd EUR-ch"]
[Site "Vrnjacka Banja SRB"]
[Date "2023.03.03"]
[Round "1.85"]
[White "Krzywda, Andrzej"]
[Black "Kelires, Andreas"]
[Result "0-1"]
[WhiteElo "2235"]
[BlackElo "2538"]
[EventDate "2023.03.03"]
[PlyCount "102"]

1.e4 c5 2.Nf3 d6 3.d4 cxd4 4.Nxd4 Nf6 5.Nc3 a6 6.Be3 e5 7.Nb3 Be6 8.h3 Be7
9.Qf3 b5 10.O-O-O b4 11.Nd5 Nxd5 12.exd5 Bc8 13.g4 O-O 14.Kb1 a5 15.Bd3 
Ba6 16.Nd2 Nd7 17.Ne4 a4 18.h4 Qc7 19.Qe2 Bxd3 20.Qxd3 Rfc8 21.Rc1 Nf6 22.
c4 bxc3 23.Rxc3 Qb7 24.Nxf6+ Bxf6 25.Rxc8+ Rxc8 26.Rc1 Rb8 27.Rc2 e4 28.
Qd2 Be5 29.Qc1 h6 30.Qd2 Qb5 31.g5 hxg5 32.hxg5 g6 33.a3 Qf1+ 34.Ka2 Qb5 
35.Kb1 Qf1+ 36.Ka2 Qa6 37.Bd4 Qd3 38.Bxe5 dxe5 39.Qxd3 exd3 40.Rc3 e4 41.
Rc4 Rd8 42.Rd4 f5 43.gxf6 Kf7 44.Rxe4 Rxd5 45.Re1 Kxf6 46.b3 Kf5 47.Kb2 d2
48.Rd1 Ke4 49.Kc3 Rd3+ 50.Kc4 axb3 51.a4 b2 0-1

[Event "23rd EUR-ch"]
[Site "Vrnjacka Banja SRB"]
[Date "2023.03.03"]
[Round "1.86"]
[White "Boruchovsky, Avital"]
[Black "Miletic, Vuk"]
[Result "1-0"]
[WhiteElo "2536"]
[BlackElo "2231"]
[EventDate "2023.03.03"]
[PlyCount "73"]

1.d4 d5 2.c4 e6 3.Nc3 a6 4.cxd5 exd5 5.Nf3 Nf6 6.Bg5 Be6 7.e3 Nbd7 8.Bd3 
Bd6 9.O-O O-O 10.Qc2 h6 11.Bf4 Qe7 12.h3 Rfe8 13.a3 c5 14.Bxd6 Qxd6 15.
dxc5 Nxc5 16.b4 Nxd3 17.Qxd3 a5 18.Qd4 Rec8 19.Nd2 axb4 20.axb4 Qc6 21.b5 
Qc7 22.b6 Qc6 23.Ra7 Nd7 24.Rb1 Rab8 25.Ne2 Qd6 26.Ne4 Qc6 27.N4c3 Qd6 28.
Ra4 Rc6 29.Rab4 Ra8 30.Nf4 Ra5 31.Nb5 Qe5 32.Qxe5 Nxe5 33.Nd4 Rd6 34.Rc1 
Nc4 35.e4 dxe4 36.Ndxe6 Nxb6 37.Rxb6 1-0

[Event "23rd EUR-ch"]
[Site "Vrnjacka Banja SRB"]
[Date "2023.03.03"]
[Round "1.87"]
[White "Eric, Jovana"]
[Black "Sebenik, Matej"]
[Result "1/2-1/2"]
[WhiteElo "2230"]
[BlackElo "2536"]
[EventDate "2023.03.03"]
[PlyCount "106"]

1.e4 e6 2.d4 d5 3.Nc3 Nf6 4.e5 Nfd7 5.f4 c5 6.Nf3 Nc6 7.Be3 Be7 8.Qd2 a6 
9.Be2 O-O 10.O-O b5 11.a3 Qc7 12.Nd1 cxd4 13.Nxd4 Nxd4 14.Bxd4 Nb8 15.c3 
Nc6 16.Ne3 Nxd4 17.cxd4 Bd7 18.Rf3 Qb6 19.Ng4 Rfc8 20.Rh3 b4 21.Qd3 g6 22.
Qe3 bxa3 23.bxa3 Rc2 24.Re1 Qa5 25.Rd1 h5 26.Nh6+ Kg7 27.Bd3 Rc3 28.Nxf7 
Rxd3 29.Qxd3 Kxf7 30.g4 Bb5 31.Qf3 Ba4 32.Rf1 Rg8 33.gxh5 gxh5+ 34.Rg3 
Rxg3+ 35.hxg3 Bc2 36.Qxh5+ Bg6 37.Qf3 Qa4 38.Qf2 Bf5 39.Ra1 Qb3 40.Re1 
Qxa3 41.Kh2 Qd3 42.Rc1 Bg4 43.Rc7 Qh7+ 44.Kg1 Qb1+ 45.Kh2 Qd1 46.Qb2 Bf5 
47.Qc3 Qh5+ 48.Kg1 Be4 49.Kf2 a5 50.Qa3 Qh2+ 51.Ke1 Qg1+ 52.Ke2 Qg2+ 53.
Ke1 Qg1+ 1/2-1/2

[Event "23rd EUR-ch"]
[Site "Vrnjacka Banja SRB"]
[Date "2023.03.03"]
[Round "1.88"]
[White "Maurizzi, Marc`Andria"]
[Black "Djokic, Mihailo"]
[Result "1-0"]
[WhiteElo "2535"]
[BlackElo "2227"]
[EventDate "2023.03.03"]
[PlyCount "81"]

1.d4 Nf6 2.c4 e6 3.Nc3 d5 4.Nf3 dxc4 5.e3 a6 6.a4 c5 7.Bxc4 Nc6 8.O-O Be7 
9.Qe2 cxd4 10.Rd1 d3 11.Bxd3 Qc7 12.b3 Na5 13.Qc2 Bd7 14.Bb2 Rc8 15.e4 Qb6
16.e5 Ng4 17.Bc4 Nxc4 18.bxc4 Bc6 19.a5 Qa7 20.Na4 O-O 21.Nb6 Rcd8 22.c5 
Qb8 23.Rd6 Bxf3 24.gxf3 Nh6 25.Nd7 Qc7 26.Nxf8 Rxf8 27.Rdd1 Nf5 28.c6 bxc6
29.Qd3 Bc5 30.Qxa6 Qe7 31.Qc4 h5 32.Bc1 Rb8 33.a6 Qa7 34.Ra2 Nd4 35.Be3 
Nxf3+ 36.Kg2 Bxe3 37.Kxf3 Bc5 38.Rad2 Rb4 39.Rd8+ Kh7 40.Qc2+ g6 41.R1d7 
1-0

[Event "23rd EUR-ch"]
[Site "Vrnjacka Banja SRB"]
[Date "2023.03.03"]
[Round "1.90"]
[White "Stocek, Jiri"]
[Black "Rabrenovic, Vladan"]
[Result "1-0"]
[WhiteElo "2534"]
[BlackElo "2223"]
[EventDate "2023.03.03"]
[PlyCount "83"]

1.d4 d5 2.c4 e6 3.Nc3 Nf6 4.Nf3 Be7 5.Bf4 O-O 6.Qc2 Nbd7 7.cxd5 exd5 8.e3 
c5 9.Be2 cxd4 10.Nxd4 Nc5 11.Rd1 Be6 12.O-O Rc8 13.Qb1 a6 14.Bf3 Qb6 15.
Nf5 Bxf5 16.Qxf5 Qxb2 17.Be5 Qb6 18.Bxd5 Rfe8 19.Bf3 Qe6 20.Qf4 Red8 21.
Be2 b5 22.h3 h6 23.Bd4 Nce4 24.Nxe4 Qxe4 25.Qxe4 Nxe4 26.Bg4 Rc6 27.Rc1 
Rxc1 28.Rxc1 Bf6 29.Bb6 Re8 30.Ba5 g6 31.Rc6 Kg7 32.Rxa6 Bc3 33.Bb6 h5 34.
Bd1 Re6 35.Bc2 Nc5 36.Ra3 b4 37.Rxc3 bxc3 38.Bxc5 f6 39.a4 Rc6 40.Bd4 Rc4 
41.Kf1 Rb4 42.Ke2 1-0

[Event "23rd EUR-ch"]
[Site "Vrnjacka Banja SRB"]
[Date "2023.03.03"]
[Round "1.91"]
[White "Shatil, Shir"]
[Black "Dvirnyy, Danyyil"]
[Result "0-1"]
[WhiteElo "2222"]
[BlackElo "2531"]
[EventDate "2023.03.03"]
[PlyCount "80"]

1.d4 d5 2.c4 e6 3.Nc3 Nf6 4.cxd5 exd5 5.Bg5 Bb4 6.e3 h6 7.Bh4 g5 8.Bg3 Ne4
9.Ne2 h5 10.f3 Nxg3 11.hxg3 Qe7 12.Qd2 c6 13.O-O-O Nd7 14.a3 Ba5 15.Kb1 
Nb6 16.Nc1 Bf5+ 17.Ka1 Bxc3 18.Qxc3 O-O-O 19.Bd3 Bxd3 20.Rxd3 Qc7 21.Qe1 
Rde8 22.Nb3 Nc4 23.Nd2 Nd6 24.Qf2 Nf5 25.Nf1 f6 26.Rc3 Qd6 27.Rd3 Qc7 28.
Rc3 Kb8 29.Rc1 a6 30.Rc3 Rh7 31.Ka2 Ka8 32.Ka1 Rhe7 33.Rxh5 Nxd4 34.Qd2 
Nf5 35.g4 d4 36.exd4 Re1+ 37.Rc1 Nxd4 38.Kb1 Qe5 39.Ng3 Rxc1+ 40.Qxc1 Qxg3
0-1

[Event "23rd EUR-ch"]
[Site "Vrnjacka Banja SRB"]
[Date "2023.03.03"]
[Round "1.92"]
[White "Kacharava, Nikolozi"]
[Black "Pajcin, Lav"]
[Result "1-0"]
[WhiteElo "2531"]
[BlackElo "2221"]
[EventDate "2023.03.03"]
[PlyCount "91"]

1.e4 c5 2.Nf3 d6 3.d4 cxd4 4.Nxd4 Nf6 5.Nc3 Nc6 6.Bc4 Qb6 7.Nb3 e6 8.Bf4 
Ne5 9.Be2 Bd7 10.Be3 Qc7 11.Nb5 Qb8 12.f4 Neg4 13.Bxg4 Bxb5 14.Bf3 Be7 15.
Nd4 Bc4 16.b3 Ba6 17.c4 O-O 18.O-O Rd8 19.Re1 d5 20.e5 Ne4 21.Qc2 Bc5 22.
cxd5 Bxd4 23.Bxd4 exd5 24.Bg4 Bb5 25.Rac1 Bc6 26.Qd3 Qc7 27.Qe3 Qe7 28.Re2
Bd7 29.f5 Qh4 30.Bh3 Rdc8 31.e6 Rxc1+ 32.Qxc1 Rc8 33.Qe3 Bb5 34.Re1 a5 35.
f6 Re8 36.a4 Ng5 37.axb5 Nxh3+ 38.gxh3 Rxe6 39.Rc1 h5 40.fxg7 Kh7 41.g8=Q+
Kxg8 42.Rc8+ Kh7 43.Rh8+ Kg6 44.Rh6+ Kf5 45.Rxe6 fxe6 46.Qe5+ 1-0

[Event "23rd EUR-ch"]
[Site "Vrnjacka Banja SRB"]
[Date "2023.03.03"]
[Round "1.93"]
[White "Ahmad, Khagan"]
[Black "Guliev, Namig"]
[Result "0-1"]
[WhiteElo "2220"]
[BlackElo "2528"]
[EventDate "2023.03.03"]
[PlyCount "82"]

1.e4 c5 2.Nf3 d6 3.d4 cxd4 4.Nxd4 Nf6 5.Nc3 Nc6 6.Bg5 Bd7 7.Qd2 Rc8 8.Be2 
Nxd4 9.Qxd4 Qa5 10.Bd2 a6 11.O-O Qc5 12.Qxc5 Rxc5 13.Bd3 e6 14.f3 Be7 15.
a4 O-O 16.a5 Rcc8 17.Be3 Bc6 18.Na4 Nd7 19.Nb6 Nxb6 20.Bxb6 Bf6 21.c3 g5 
22.Rfd1 Kg7 23.Bd4 Rfd8 24.Bc2 h6 25.c4 Bxd4+ 26.Rxd4 Kf6 27.b4 Bb5 28.
cxb5 Rxc2 29.bxa6 bxa6 30.b5 axb5 31.Rb4 Rc5 32.h4 gxh4 33.Kh2 Rg8 34.Ra2 
Ke7 35.a6 Kd7 36.a7 Ra8 37.Kh3 Kc7 38.Ra6 d5 39.Kxh4 Kb7 40.Rd6 Rxa7 41.
exd5 Kc7 0-1

[Event "23rd EUR-ch"]
[Site "Vrnjacka Banja SRB"]
[Date "2023.03.03"]
[Round "1.94"]
[White "Janik, Igor"]
[Black "Tifferet, Shaked"]
[Result "1/2-1/2"]
[WhiteElo "2527"]
[BlackElo "2219"]
[EventDate "2023.03.03"]
[PlyCount "58"]

1.c4 e5 2.g3 Nf6 3.Bg2 c6 4.d4 e4 5.d5 Bc5 6.Nc3 Qe7 7.Nh3 h6 8.O-O O-O 9.
Na4 Bd6 10.Qc2 cxd5 11.cxd5 Na6 12.Nc3 Re8 13.Rd1 b6 14.Bf4 Bb7 15.Bxd6 
Qxd6 16.e3 Rac8 17.Rd4 Nc5 18.Qd2 a5 19.Nf4 Ba6 20.Rb1 g5 21.Nfe2 Bd3 22.
Rd1 b5 23.Nc1 b4 24.N3e2 Ba6 25.h3 Re5 26.a3 bxa3 27.bxa3 Bb7 28.Qa2 Qb6 
29.Bf1 d6 1/2-1/2

[Event "23rd EUR-ch"]
[Site "Vrnjacka Banja SRB"]
[Date "2023.03.03"]
[Round "1.95"]
[White "Gajcin, Marina"]
[Black "Gavrilescu, David"]
[Result "0-1"]
[WhiteElo "2215"]
[BlackElo "2527"]
[EventDate "2023.03.03"]
[PlyCount "104"]

1.e4 c5 2.Nf3 d6 3.Bb5+ Bd7 4.Bxd7+ Qxd7 5.c4 e5 6.d3 Nc6 7.a3 Be7 8.Nc3 
Bd8 9.O-O Nge7 10.Rb1 O-O 11.b4 f5 12.Nd5 fxe4 13.dxe4 Nd4 14.Nxd4 cxd4 
15.Qd3 Rc8 16.Bd2 a6 17.b5 h6 18.bxa6 bxa6 19.Rb3 Rf7 20.Rfb1 Ng6 21.Nb6 
Bxb6 22.Rxb6 Rc6 23.Rxc6 Qxc6 24.g3 Nf8 25.Rb8 Kh7 26.Qe2 Nd7 27.Rb4 Nc5 
28.Qh5 Rf6 29.f3 Nd3 30.Rb8 Qxc4 31.Bxh6 Qf7 32.Qxf7 Rxf7 33.Bd2 Rxf3 34.
Rb3 Kg6 35.Bb4 Kh5 36.Bxd6 Kg4 37.Rb7 g5 38.Rh7 Re3 39.Kg2 Re2+ 40.Kf1 Kf3
41.Rf7+ Ke3 42.h4 gxh4 43.gxh4 Rh2 44.Be7 Nf4 45.Kg1 Rg2+ 46.Kh1 d3 47.Bb4
d2 48.Bxd2+ Rxd2 49.Rf6 Nd3 50.h5 Ne1 51.Rb6 Nf3 52.Rb3+ Kf4 0-1

[Event "23rd EUR-ch"]
[Site "Vrnjacka Banja SRB"]
[Date "2023.03.03"]
[Round "1.96"]
[White "Petkov, Momchil"]
[Black "Sgircea, Silvia-Raluca"]
[Result "1-0"]
[WhiteElo "2526"]
[BlackElo "2214"]
[EventDate "2023.03.03"]
[PlyCount "119"]

1.e4 c5 2.Nf3 Nc6 3.Bb5 g6 4.O-O Bg7 5.c3 Nf6 6.Re1 a6 7.Bxc6 dxc6 8.h3 
O-O 9.d4 cxd4 10.cxd4 c5 11.d5 b5 12.Nc3 Bb7 13.Bf4 Nd7 14.Qd2 Qb6 15.Bh6 
Rfd8 16.Bxg7 Kxg7 17.Rad1 Rac8 18.b3 Nf8 19.h4 Qf6 20.Ne2 Kg8 21.Qe3 e6 
22.e5 Qg7 23.h5 gxh5 24.Ng3 Qg4 25.Ne4 Kh8 26.Nf6 Qg7 27.d6 Nd7 28.Nxh5 
Qg4 29.Ng3 Rg8 30.a3 Qg6 31.Qf4 Rcf8 32.Re3 Qg4 33.Qxg4 Rxg4 34.Nh2 Rg6 
35.Nf3 Rfg8 36.Kf1 Kg7 37.Nh5+ Kf8 38.Ng3 h5 39.Ke2 Bxf3+ 40.gxf3 h4 41.
Ne4 Rg1 42.Rxg1 Rxg1 43.f4 Rh1 44.Kf3 Rg1 45.Ke2 Rh1 46.Ng5 Ke8 47.Kf3 Ra1
48.Kg2 Rxa3 49.Rh3 Nf8 50.Rxh4 Ng6 51.Rh7 Nxf4+ 52.Kg3 Ng6 53.Rxf7 Rxb3+ 
54.f3 Nxe5 55.Re7+ Kd8 56.Nxe6+ Kc8 57.Nxc5 Rxf3+ 58.Kg2 Rf8 59.Rxe5 Rd8 
60.d7+ 1-0

[Event "23rd EUR-ch"]
[Site "Vrnjacka Banja SRB"]
[Date "2023.03.03"]
[Round "1.97"]
[White "Stankovic, Boris"]
[Black "Kulaots, Kaido"]
[Result "1/2-1/2"]
[WhiteElo "2208"]
[BlackElo "2525"]
[EventDate "2023.03.03"]
[PlyCount "91"]

1.e4 c5 2.Nf3 d6 3.d4 cxd4 4.Nxd4 Nf6 5.Nc3 a6 6.Bg5 Nbd7 7.f4 Qc7 8.Qf3 
h6 9.Bxf6 Nxf6 10.f5 Qc5 11.O-O-O g5 12.e5 Qxe5 13.g3 g4 14.Qf2 h5 15.Kb1 
Bh6 16.Re1 Qc5 17.Bg2 Bd7 18.Qe2 O-O 19.Nb3 Qxf5 20.Rhf1 Qg5 21.Qxe7 Rae8 
22.Qxd6 Bc8 23.a4 Bg7 24.a5 Rd8 25.Qc5 Qxc5 26.Nxc5 Nd7 27.N5e4 Ne5 28.
Nf6+ Bxf6 29.Rxf6 Kg7 30.Rf4 Rfe8 31.Nd5 Nf3 32.Rxe8 Rxe8 33.Bxf3 gxf3 34.
Rxf3 Re1+ 35.Ka2 Re2 36.h4 Rxc2 37.Nf4 Bg4 38.Rd3 Rc5 39.b4 Re5 40.Kb3 Kf6
41.Kc3 Kf5 42.Kd4 Re4+ 43.Kc5 Re5+ 44.Kd4 Re4+ 45.Kc5 Re5+ 46.Kd4 1/2-1/2

[Event "23rd EUR-ch"]
[Site "Vrnjacka Banja SRB"]
[Date "2023.03.03"]
[Round "1.98"]
[White "Yilmazyerli, Mert"]
[Black "Mitrovic, Marjan"]
[Result "1-0"]
[WhiteElo "2525"]
[BlackElo "2208"]
[EventDate "2023.03.03"]
[PlyCount "112"]

1.e4 e5 2.Nf3 Nc6 3.d4 exd4 4.Bc4 Nf6 5.e5 d5 6.Bb5 Ne4 7.Nxd4 Bd7 8.Bxc6 
bxc6 9.O-O Be7 10.f3 Nc5 11.f4 f5 12.Qh5+ g6 13.Qh6 Bf8 14.Qh3 Ne6 15.Be3 
c5 16.Nxe6 Bxe6 17.Nd2 Be7 18.Nf3 O-O 19.Bf2 a5 20.Bh4 Bxh4 21.Nxh4 Qe7 
22.Rf3 Rf7 23.Rg3 Rg7 24.Nf3 c4 25.Qh6 Ra6 26.h4 Bc8 27.Ng5 Qc5+ 28.Kh2 
Qf2 29.Rd1 Bb7 30.Nf3 Qxc2 31.Qg5 Ra8 32.Rd2 Qa4 33.h5 Qe8 34.Nd4 Bc8 35.
e6 Qe7 36.Qxe7 Rxe7 37.hxg6 hxg6 38.Rxg6+ Kh7 39.Rg5 Bxe6 40.Re2 Rae8 41.
Re5 Kh8 42.Nxe6 Rh7+ 43.Kg3 Rh6 44.Rgxf5 d4 45.Re4 Rhxe6 46.Rxd4 Re3+ 47.
Kh4 Re2 48.Rh5+ Kg8 49.Rg5+ Kf8 50.Rxc4 R8e7 51.g3 Rh2+ 52.Kg4 Rxb2 53.
Rxa5 Rg2 54.Ra8+ Kf7 55.Ra7 Re3 56.Rcxc7+ Kf6 1-0

[Event "23rd EUR-ch"]
[Site "Vrnjacka Banja SRB"]
[Date "2023.03.03"]
[Round "1.99"]
[White "Angun, Batu"]
[Black "Alsina Leal, Daniel"]
[Result "0-1"]
[WhiteElo "2206"]
[BlackElo "2522"]
[EventDate "2023.03.03"]
[PlyCount "62"]

1.d4 Nf6 2.c4 e6 3.Nf3 c5 4.d5 exd5 5.cxd5 d6 6.Nc3 g6 7.Bf4 Bg7 8.h3 O-O 
9.e3 Ne8 10.Be2 Nd7 11.O-O Ne5 12.Nd2 f5 13.Nc4 Nxc4 14.Bxc4 Bd7 15.Qd2 
Rb8 16.a4 a6 17.a5 g5 18.Bh2 b5 19.axb6 Qxb6 20.Ra2 a5 21.f4 Qb4 22.Bd3 h6
23.Qe2 a4 24.e4 fxe4 25.Nxe4 Qd4+ 26.Kh1 Rxb2 27.Rxb2 Qxb2 28.Qh5 c4 29.
Bb1 c3 30.Nxg5 c2 31.Qg6 Bf5 0-1

[Event "23rd EUR-ch"]
[Site "Vrnjacka Banja SRB"]
[Date "2023.03.03"]
[Round "1.100"]
[White "Horvath, Dominik"]
[Black "Pogorelsky, Sergei"]
[Result "1/2-1/2"]
[WhiteElo "2521"]
[BlackElo "2203"]
[EventDate "2023.03.03"]
[PlyCount "80"]

1.e4 c5 2.Nf3 Nc6 3.d4 cxd4 4.Nxd4 Nf6 5.Nc3 e5 6.Ndb5 d6 7.Bg5 a6 8.Na3 
b5 9.Bxf6 gxf6 10.Nd5 f5 11.Bd3 Be6 12.O-O Bg7 13.Qh5 Rc8 14.c3 h6 15.Nc2 
Qg5 16.Qd1 Bxd5 17.exd5 Ne7 18.f4 exf4 19.a4 Rg8 20.Qe2 Kf8 21.axb5 axb5 
22.Bxb5 Nxd5 23.Ra7 Be5 24.Bc4 f3 25.Qxf3 Qh4 26.Rxf7+ Ke8 27.h3 Qxc4 28.
Qxf5 Ne7 29.Qh7 Rc7 30.Ne3 Qe6 31.Nf5 Rh8 32.Ng7+ Bxg7 33.Qxg7 Rg8 34.
Qxg8+ Nxg8 35.Rxc7 Ne7 36.Ra1 Kf7 37.Raa7 Qe1+ 38.Kh2 Qe5+ 39.Kg1 Qe1+ 40.
Kh2 Qe5+ 1/2-1/2

[Event "23rd EUR-ch"]
[Site "Vrnjacka Banja SRB"]
[Date "2023.03.03"]
[Round "1.101"]
[White "Aleksic, Milan"]
[Black "Kourkoulos-Arditis, Stamatis"]
[Result "0-1"]
[WhiteElo "2202"]
[BlackElo "2520"]
[EventDate "2023.03.03"]
[PlyCount "46"]

1.e4 e5 2.Nf3 Nc6 3.Bb5 a6 4.Ba4 Bc5 5.O-O Nge7 6.c3 Ba7 7.d4 Ng6 8.Bg5 f6
9.Be3 O-O 10.Nbd2 d6 11.Re1 Kh8 12.Bb3 exd4 13.cxd4 Nce7 14.d5 Bxe3 15.
Rxe3 f5 16.Rc1 Nf4 17.Rec3 fxe4 18.Nxe4 Bg4 19.Rxc7 Nxg2 20.Kxg2 Bxf3+ 21.
Qxf3 Rxf3 22.Kxf3 h6 23.Rxb7 Ng6 0-1

[Event "23rd EUR-ch"]
[Site "Vrnjacka Banja SRB"]
[Date "2023.03.03"]
[Round "1.102"]
[White "Mastrovasilis, Athanasios"]
[Black "Starcevic, Ante Leon"]
[Result "1-0"]
[WhiteElo "2518"]
[BlackElo "2202"]
[EventDate "2023.03.03"]
[PlyCount "39"]

1.d4 Nf6 2.c4 g6 3.Nc3 d5 4.Nf3 Bg7 5.e3 O-O 6.Bd2 b6 7.Rc1 Bb7 8.cxd5 
Nxd5 9.Bc4 Nxc3 10.Bxc3 Nd7 11.h4 c5 12.h5 cxd4 13.Bxd4 e5 14.hxg6 exd4 
15.gxf7+ Kh8 16.Qd3 h6 17.Nh4 Bf6 18.Qg6 Bg5 19.Bd3 Nf6 20.Nf3 1-0

[Event "23rd EUR-ch"]
[Site "Vrnjacka Banja SRB"]
[Date "2023.03.03"]
[Round "1.103"]
[White "Glienke, Manfred"]
[Black "Rasulov, Vugar"]
[Result "1/2-1/2"]
[WhiteElo "2201"]
[BlackElo "2516"]
[EventDate "2023.03.03"]
[PlyCount "99"]

1.d4 Nf6 2.Nf3 c5 3.e3 b6 4.c4 g6 5.Nc3 cxd4 6.Nxd4 Bb7 7.f3 Bg7 8.e4 O-O 
9.Be3 Nc6 10.Be2 e6 11.Nxc6 Bxc6 12.Qd6 Ne8 13.Qd2 f5 14.exf5 gxf5 15.O-O 
Rf7 16.a4 Be5 17.f4 Bh8 18.Bf3 Rc8 19.b3 Qe7 20.Rad1 Bxf3 21.Rxf3 d5 22.
Bd4 Bxd4+ 23.Qxd4 dxc4 24.bxc4 Qb4 25.Rg3+ Rg7 26.Rxg7+ Nxg7 27.Nb5 a6 28.
Nc7 Qxa4 29.Re1 Qc6 30.Nxa6 Qxc4 31.Qxc4 Rxc4 32.g3 Ne8 33.Rb1 Rc6 34.Nb4 
Rd6 35.Rb3 Rd1+ 36.Kg2 Rd2+ 37.Kf3 Nf6 38.Nd3 Ne4 39.Ne5 Rd6 40.Ra3 Rd8 
41.Ra7 Nc3 42.Re7 b5 43.Rxe6 Ra8 44.Rb6 Ra3 45.Rb8+ Kg7 46.Ke3 h5 47.Kd4 
h4 48.Rb7+ Kf6 49.Rb6+ Kg7 50.Rb7+ 1/2-1/2

[Event "23rd EUR-ch"]
[Site "Vrnjacka Banja SRB"]
[Date "2023.03.03"]
[Round "1.104"]
[White "Djukic, Nikola"]
[Black "Tudor, Henry Edward"]
[Result "1-0"]
[WhiteElo "2514"]
[BlackElo "2201"]
[EventDate "2023.03.03"]
[PlyCount "53"]

1.e4 c5 2.Nc3 e6 3.Nge2 a6 4.g3 b5 5.Bg2 Bb7 6.d4 cxd4 7.Nxd4 Nf6 8.O-O b4
9.Na4 Bxe4 10.Bxe4 Nxe4 11.Re1 d5 12.c4 bxc3 13.Nxc3 Nxc3 14.Qh5 Ne4 15.
Nxe6 Qb6 16.Nc7+ Qxc7 17.Qxd5 Qc6 18.Rxe4+ Be7 19.Rxe7+ Kxe7 20.Bg5+ f6 
21.Re1+ Kf8 22.Qd8+ Kf7 23.Re7+ Kg6 24.Qxh8 h5 25.Qxg7+ Kf5 26.Qh7+ Kg4 
27.h3+ 1-0

[Event "23rd EUR-ch"]
[Site "Vrnjacka Banja SRB"]
[Date "2023.03.03"]
[Round "1.105"]
[White "Valiev, Shahin"]
[Black "Halkias, Stelios"]
[Result "1/2-1/2"]
[WhiteElo "2201"]
[BlackElo "2514"]
[EventDate "2023.03.03"]
[PlyCount "51"]

1.e4 c5 2.Nf3 Nc6 3.d4 cxd4 4.Nxd4 Nf6 5.Nc3 e5 6.Ndb5 d6 7.Bg5 a6 8.Na3 
b5 9.Nd5 Be7 10.Bxf6 Bxf6 11.c4 b4 12.Nc2 O-O 13.Qf3 Bg5 14.h4 Bh6 15.g4 
f6 16.b3 a5 17.Rd1 Be6 18.Be2 Kh8 19.Kf1 Qb8 20.Qg2 Qa7 21.f3 Bf4 22.Qf2 
Bxd5 23.Qxa7 Rxa7 24.Rxd5 a4 25.Rxd6 axb3 26.axb3 1/2-1/2

[Event "23rd EUR-ch"]
[Site "Vrnjacka Banja SRB"]
[Date "2023.03.03"]
[Round "1.106"]
[White "Brunello, Sabino"]
[Black "Ozdemir, Serhan Berat"]
[Result "1-0"]
[WhiteElo "2512"]
[BlackElo "2200"]
[EventDate "2023.03.03"]
[PlyCount "26"]

1.d4 Nf6 2.c4 e6 3.Nc3 Bb4 4.Qc2 c5 5.dxc5 Nc6 6.Nf3 O-O 7.a3 Bxc5 8.Bg5 
Be7 9.e3 h6 10.Bh4 d6 11.Be2 a6 12.O-O Qc7 13.Rad1 Bd7 1-0

[Event "23rd EUR-ch"]
[Site "Vrnjacka Banja SRB"]
[Date "2023.03.03"]
[Round "1.107"]
[White "Krstic, Milos"]
[Black "Draskovic, Luka"]
[Result "1/2-1/2"]
[WhiteElo "2198"]
[BlackElo "2510"]
[EventDate "2023.03.03"]
[PlyCount "79"]

1.e4 d6 2.d4 Nf6 3.Nc3 g6 4.Be3 c6 5.Qd2 Nbd7 6.f3 b5 7.a4 b4 8.Nd1 e5 9.
Qxb4 d5 10.Qd2 Bg7 11.Nf2 O-O 12.c3 Re8 13.Bd3 exd4 14.cxd4 dxe4 15.fxe4 
c5 16.dxc5 Qe7 17.Nf3 Nxc5 18.Bxc5 Qxc5 19.O-O Bb7 20.Rac1 Qe7 21.Rfe1 
Rac8 22.Rxc8 Rxc8 23.Qa5 Nh5 24.Qxa7 Ra8 25.Qb6 Rxa4 26.Rc1 Rb4 27.Qc7 
Qxc7 28.Rxc7 Rxb2 29.g3 Nf6 30.Bc4 Nxe4 31.Rxf7 Ba6 32.Rb7+ Bxc4 33.Rxb2 
Bxb2 34.Nxe4 Bd5 35.Ned2 Kg7 36.Kf2 Kf6 37.Ke3 Bc1 38.Kd4 Bb7 39.h3 h6 40.
Ne4+ 1/2-1/2

[Event "23rd EUR-ch"]
[Site "Vrnjacka Banja SRB"]
[Date "2023.03.03"]
[Round "1.108"]
[White "Beerdsen, Thomas"]
[Black "Perkampus, Laurin"]
[Result "1-0"]
[WhiteElo "2510"]
[BlackElo "2189"]
[EventDate "2023.03.03"]
[PlyCount "57"]

1.e4 c6 2.d4 d5 3.f3 dxe4 4.fxe4 e5 5.Nf3 Bg4 6.c3 Nd7 7.Be2 Bd6 8.Nbd2 b5
9.a4 a6 10.O-O Ngf6 11.dxe5 Bxe5 12.Nd4 Bxe2 13.Qxe2 O-O 14.N2f3 Re8 15.
Bg5 Qc7 16.Nxe5 Qxe5 17.Bxf6 Nxf6 18.Nxc6 Qc5+ 19.Nd4 Rxe4 20.Qd3 Rae8 21.
axb5 Re3 22.Qd1 axb5 23.Ra5 Qc7 24.Rxb5 h5 25.Rg5 Ng4 26.Rxh5 R3e4 27.Qf3 
g6 28.Rh3 Ne3 29.Qf6 1-0

[Event "23rd EUR-ch"]
[Site "Vrnjacka Banja SRB"]
[Date "2023.03.03"]
[Round "1.109"]
[White "Bashirov, Kemal"]
[Black "Gadimbayli, Abdulla"]
[Result "1/2-1/2"]
[WhiteElo "2188"]
[BlackElo "2507"]
[EventDate "2023.03.03"]
[PlyCount "42"]

1.e4 e6 2.d4 d5 3.Nc3 Nf6 4.Bg5 dxe4 5.Nxe4 Be7 6.Bxf6 gxf6 7.Nf3 f5 8.Nc3
a6 9.g3 b5 10.Bg2 Bb7 11.O-O O-O 12.Ne2 Nd7 13.Ne5 Bxg2 14.Kxg2 Nxe5 15.
dxe5 c5 16.Nf4 Qxd1 17.Raxd1 Rfd8 18.Kf3 c4 19.Ke2 Bc5 20.c3 Kf8 21.Nh5 
Be7 1/2-1/2

[Event "23rd EUR-ch"]
[Site "Vrnjacka Banja SRB"]
[Date "2023.03.03"]
[Round "1.110"]
[White "Petrov, Martin"]
[Black "Levitan, Ronit"]
[Result "1/2-1/2"]
[WhiteElo "2505"]
[BlackElo "2185"]
[EventDate "2023.03.03"]
[PlyCount "101"]

1.e4 e5 2.Nf3 Nc6 3.Bc4 Bc5 4.O-O Nf6 5.d3 d6 6.c3 O-O 7.Bg5 Bb6 8.Nbd2 
Ne7 9.Bb3 Ng6 10.Nh4 Bg4 11.Qxg4 Nxg4 12.Bxd8 Rfxd8 13.Nxg6 hxg6 14.Nc4 
Nf6 15.h4 c6 16.Nxb6 axb6 17.f4 b5 18.f5 gxf5 19.Rxf5 Rd7 20.Raf1 Rf8 21.
Bd1 Re7 22.g4 Nd7 23.b4 g6 24.R5f3 Kg7 25.Bb3 f6 26.Kg2 g5 27.hxg5 fxg5 
28.Rf5 Rxf5 29.gxf5 Nf6 30.Rh1 Re8 31.Kf3 b6 32.Ke3 Ng4+ 33.Ke2 Nf6 34.Be6
Ra8 35.Bb3 Re8 36.Rg1 Kh6 37.Rh1+ Kg7 38.Rg1 Kh6 39.c4 g4 40.cxb5 cxb5 41.
Rc1 Kg5 42.Rc7 Rh8 43.Rg7+ Kh4 44.Rg6 Rf8 45.Kf2 Nh5 46.Bd1 Nf6 47.Kg2 Rf7
48.Kf2 Rf8 49.Be2 Rf7 50.Bd1 Rf8 51.Bb3 1/2-1/2